ბათუმის შოთა რუსთაველის სახელმწიფო უნივერსიტეტის ბიბლიოთეკა

Medeas Gold : Neue funde aus Georgien = მედეას ოქრო : ახალი აღმოჩენები საქართველოდან : (ბიბ.ჩანაწერი № 60684)

000 -LEADER
fixed length control field 01819nam a22002897a 4500
005 - DATE AND TIME OF LATEST TRANSACTION
control field 20231006163340.0
008 - FIXED-LENGTH DATA ELEMENTS--GENERAL INFORMATION
fixed length control field 231006s2007 ge ||||| |||| 00| 0 eng d
041 ## - LANGUAGE CODE
Language code of text/sound track or separate title eng
080 ## - UNIVERSAL DECIMAL CLASSIFICATION NUMBER
Universal Decimal Classification number 903.1(479.22)+069.51 M-46
245 ## - TITLE STATEMENT
Title Medeas Gold : Neue funde aus Georgien = მედეას ოქრო : ახალი აღმოჩენები საქართველოდან :
Remainder of title Katalog zur Ausstellung des Georgischen Nationalmuseums, Tiflis und der Antikensammlung, Staatlichen Museen zu Berlin vom 15. März bis 3. Juni 2007 im Altem Museum /
Statement of responsibility, etc. autoren: Ana Chkonia, Darejan Katscharava, Nino Lordkipanidze [et al.] ; redaktion: Nino Lordkipanidze, Otar Lordkipanidze ; fotografie: Mirian Kiladze, Gia Tschkhataraschvili.
264 ## - PRODUCTION, PUBLICATION, DISTRIBUTION, MANUFACTURE, AND COPYRIGHT NOTICE
Place of production, publication, distribution, manufacture Tiflis :
Name of producer, publisher, distributor, manufacturer Georgisches Nationalmuseum,
Date of production, publication, distribution, manufacture, or copyright notice 2007.
300 ## - PHYSICAL DESCRIPTION
Extent 143 p. :
Other physical details ill., map ;
Dimensions 17 cm.
521 ## - TARGET AUDIENCE NOTE
Target audience note ბიბლიოგრაფია: გვ. 142.
653 ## - INDEX TERM--UNCONTROLLED
keyword არქეოლოგიური კულტურა
653 ## - INDEX TERM--UNCONTROLLED
keyword საქართველოს ეროვნული მუზეუმის კოლექციები
653 ## - INDEX TERM--UNCONTROLLED
keyword ქართული ოქრომჭედლობა
700 ## - ADDED ENTRY--PERSONAL NAME
Personal name Chkonia, Ana
Relator term ავტორი
9 (RLIN) 20020
700 ## - ADDED ENTRY--PERSONAL NAME
Personal name Katscharava, Darejan
Relator term ავტორი
9 (RLIN) 20021
700 ## - ADDED ENTRY--PERSONAL NAME
Personal name Lordkipanidze, Nino
Relator term ავტორი
9 (RLIN) 20022
700 ## - ADDED ENTRY--PERSONAL NAME
Personal name Kvirkvelia, Guram
Relator term ავტორი
9 (RLIN) 20023
700 ## - ADDED ENTRY--PERSONAL NAME
Personal name Lordkipanidze, Otar
Relator term ავტორი, რედაქტორი.
9 (RLIN) 20024
700 ## - ADDED ENTRY--PERSONAL NAME
Personal name Kiladze, Mirian
Relator term ფოტოგრაფი.
9 (RLIN) 18285
700 ## - ADDED ENTRY--PERSONAL NAME
Personal name Tschkhataraschvili, Gia
Relator term ფოტოგრაფი
9 (RLIN) 20025
710 ## - ADDED ENTRY--CORPORATE NAME
Corporate name or jurisdiction name as entry element Georgischen Nationalmuseums (Tiflis)
9 (RLIN) 20026
710 ## - ADDED ENTRY--CORPORATE NAME
Corporate name or jurisdiction name as entry element Antikensammlung, Staatlichen Museen (Berlin)
9 (RLIN) 20027
942 ## - ADDED ENTRY ELEMENTS (KOHA)
Source of classification or shelving scheme
Koha item type წიგნი
ეგზემპლარები
Withdrawn status Lost status Source of classification or shelving scheme Damaged status Not for loan Permanent Location Current Location Shelving location Date acquired Cost, normal purchase price Full call number Barcode Date last seen Copy number Uniform Resource Identifier Price effective from Koha item type Public note
          ბათუმის შოთა რუსთაველის სახელმწიფო უნივერსიტეტის მთავარი ბიბლიოთეკა ბათუმის შოთა რუსთაველის სახელმწიფო უნივერსიტეტის მთავარი ბიბლიოთეკა წიგნსაცავი 2023-10-06 8.00 903.1(479.22)+069.51 M-46 65278 2023-10-06 65278 ბსუ-ს საპატიო დოქტორის გურამ ლორთქიფანიძის საჩუქარი 2023-10-06 წიგნი 8 ლ.